000 00423nam a2200157Ia 4500
003 0STCL
008 150530s9999 xx 000 0 und d
040 _aSTCL
_cSTCL
100 _aCouncil of scientific and industrial research
245 _aWealth of India Vol VIII
260 _bCouncil of scientific and industrial research
_c1952
546 _aEnglish
942 _2ddc
_cBK
999 _c36505
_d36505
005 20220125170404.0